| 000 | 01261nam a22003857a 4500 | ||
|---|---|---|---|
| 001 | BR8200048 | ||
| 003 | BR-BrBNA | ||
| 005 | 20230928091223.0 | ||
| 007 | ta | ||
| 008 | 230509b bl.||||| |||| 00| 0 por d | ||
| 040 |
_aBR-BrBNA _bpor _cBiblioteca Nacional de Agricultura |
||
| 041 | _a(Por) | ||
| 072 |
_aF00; E70 _b1122 _b1116 _b1126 _b/G514 |
||
| 090 | _ 1122 BR8200048 | ||
| 100 | 1 | _aMaranca, G. | |
| 245 | 1 | _aFruticultura comercial. Mamao, goiaba e abacaxi [Carica papaya; Psidium guajava; Ananas comosus; Pratica cultural; Botanica; Praga de planta; Industrializacao; Brasil] | |
| 246 | 1 | _a[Commercial fruitculture. Papaya, guava and pineapple [Carica papaya; Psidium guajava; Ananas comosus; Cultural practice; Botany; Pest of plant; Industrialization; Brazil]] | |
| 250 | 1 | _a2. ed. | |
| 260 | 3 |
_aSao Paulo, SP (Brasil): _bNobel, _c1981. |
|
| 300 | _a121 p. | ||
| 650 | _aProducao vegetal | ||
| 650 | _aComercializacao | ||
| 650 | _aMamao | ||
| 650 | _aGoiaba | ||
| 650 | _aAbacaxi | ||
| 650 | _aFruticultura | ||
| 650 | _aBotanica | ||
| 650 | _aPlantio | ||
| 650 | _aPratica cultural | ||
| 650 | _aClima | ||
| 650 | _aPraga de planta | ||
| 650 | _aIndustrializacao | ||
| 909 |
_a202309 _bLucia _c55 _dLucia Elande |
||
| 942 | _cBK | ||
| 999 |
_c32904 _d32904 |
||